Statistics for World food Quiz

Click here to take the quiz!

General Stats

  • This quiz has been taken 79 times
  • The average score is 7 of 15

Answer Stats

Answer% Correct
Hotdog
99%
Pizza
87%
Sushi
87%
Taco
81%
Spaghetti
79%
Cheeseburger
63%
Fish and Chips
63%
Paella
31%
Naan
28%
Crepes
25%
Biriyani
12%
Moussaka
12%
Noodles
10%
Thai Green Curry
10%
Tajine
3%

Score Distribution

Percentile by Number Answered

Percent of People with Each Score

Your Score History

You have not taken this quiz